000
00266nam a22001217a 4500
008
181015b xxu||||| |||| 00| 0 eng d
041
_a
eng
080
_2
2nd
_a
781
100
_a
45
101
_a
MUZ
245
_a
The Enjoyment of Music
_c
Forney, K
942
_2
udc
_c
BK
999
_c
49742
_d
49742